000 00576cam a22002053a 4500
001 40497
003 PGUSA
005 20140828083914.0
008 120814s2012||||xxu|||||s|||||000 | eng d
040 _aPGUSA
_beng
042 _adc
100 1 _aHooker, William Francis
245 1 4 _aThe Prairie Schooner
_h[electronic resource] /
_cWilliam Francis Hooker
260 _bProject Gutenberg,
_c2012
506 _aPublic domain in the USA.
516 _aElectronic text
830 0 _aProject Gutenberg
_v40497
856 4 0 _uhttp://www.gutenberg.org/ebooks/40497
942 _cEB
999 _c269750
_d269750